UBT Library

STATISTICAL METHODS IN HYDROLOGY (Record no. 59469)

000 -LEADER
fixed length control field 00296nam a22001337a 4500
008 - FIXED-LENGTH DATA ELEMENTS--GENERAL INFORMATION
fixed length control field 230328b ||||| |||| 00| 0 eng d
041 ## - LANGUAGE CODE
Language code of text/sound track or separate title eng
080 ## - UNIVERSAL DECIMAL CLASSIFICATION NUMBER
Universal Decimal Classification number 573
082 ## - DEWEY DECIMAL CLASSIFICATION NUMBER
Classification number 573HAA
100 ## - Rafti
Rafti 16
101 ## - Shkurtesa
Shkurtesa EGZAM
245 ## - TITLE STATEMENT
Title STATISTICAL METHODS IN HYDROLOGY
Statement of responsibility, etc HAAN.T.CH
942 ## - ADDED ENTRY ELEMENTS (KOHA)
Source of classification or shelving scheme
Item type Books
Holdings
Withdrawn status Lost status Source of classification or shelving scheme Damaged status Not for loan Collection code Permanent location Current location Date acquired Total Checkouts Full call number Barcode Date last seen Price effective from Koha item type
          Koleksioni i përgjithshem UBT - Lipjan UBT - Lipjan 03/28/2023   573HAA 002-80003060 03/28/2023 03/28/2023 Books
          Koleksioni i përgjithshem UBT - Lipjan UBT - Lipjan 03/28/2023   573BAR 002-80003061 03/28/2023 03/28/2023 Books
          Koleksioni i përgjithshem UBT - Lipjan UBT - Lipjan 03/28/2023   573BAR 002-80003062 03/28/2023 03/28/2023 Books
UBT Library © 2015-2024. All rights reserved University Education for Business and Technology